Every Manchester United Goal Scorer in the 2010/11 Premier League - Statistics

General Stats
  • This quiz has been taken 19 times
  • The average score is 59 of 75
Answer Stats
Game Scorer % Correct
West Ham United (H) Rooney
100%
West Bromwich Albion (A) Rooney
100%
Aston Villa (H) Rooney
100%
Aston Villa (H) Rooney
100%
Manchester City (H) Rooney
100%
Wigan Athletic (A) Rooney
100%
Chelsea (A) Rooney
100%
West Ham United (A) Rooney
100%
West Ham United (A) Rooney
100%
West Ham United (A) Rooney
100%
Blackburn Rovers (A) Rooney
100%
West Ham United (H) Nani
94%
Bolton Wanderers (A) Nani
94%
West Bromwich Albion (H) Nani
94%
Tottenham Hotspur (H) Nani
94%
Blackburn Rovers (H) Nani
94%
Stoke City (H) Nani
94%
Birmingham City (H) Nani
94%
Wolverhampton Wanderers (A) Nani
94%
Manchester City (H) Nani
94%
Newcastle United (H) Berbatov
89%
West Ham United (H) Berbatov
89%
Everton (A) Berbatov
89%
Liverpool (H) Berbatov
89%
Liverpool (H) Berbatov
89%
Liverpool (H) Berbatov
89%
Blackburn Rovers (H) Berbatov
89%
Blackburn Rovers (H) Berbatov
89%
Blackburn Rovers (H) Berbatov
89%
Blackburn Rovers (H) Berbatov
89%
Blackburn Rovers (H) Berbatov
89%
Sunderland (H) Berbatov
89%
Birmingham City (A) Berbatov
89%
Birmingham City (H) Berbatov
89%
Birmingham City (H) Berbatov
89%
Birmingham City (H) Berbatov
89%
Blackpool (A) Berbatov
89%
Blackpool (A) Berbatov
89%
Bolton Wanderers (H) Berbatov
89%
Fulham (H) Berbatov
89%
Fulham (A) Scholes
89%
Newcastle United (H) Giggs
83%
Birmingham City (H) Giggs
83%
Everton (A) Vidic
83%
Tottenham Hotspur (H) Vidic
83%
Aston Villa (A) Vidic
83%
Aston Villa (H) Vidic
83%
Chelsea (H) Vidic
83%
Wigan Athletic (H) Evra
72%
Blackpool (H) Anderson
61%
Newcastle United (H) Fletcher
61%
Everton (A) Fletcher
61%
West Bromwich Albion (H) Hernandez
61%
Stoke City (A) Hernandez
61%
Stoke City (A) Hernandez
61%
Wigan Athletic (H) Hernandez
61%
West Bromwich Albion (A) Hernandez
61%
Stoke City (H) Hernandez
61%
Blackpool (A) Hernandez
61%
Wigan Athletic (A) Hernandez
61%
Wigan Athletic (A) Hernandez
61%
Liverpool (A) Hernandez
61%
West Ham United (A) Hernandez
61%
Everton (H) Hernandez
61%
Chelsea (H) Hernandez
61%
Wolverhampton Wanderers (H) Park
56%
Wolverhampton Wanderers (H) Park
56%
Blackburn Rovers (H) Park
56%
Arsenal (H) Park
56%
Blackpool (H) Park
56%
Fulham (H) Valencia
56%
Wigan Athletic (A) Fabio
33%
Aston Villa (A) Macheda
33%
Bolton Wanderers (A) Owen
28%
Blackpool (H) Owen
28%
No matching quizzes found
Score Distribution
Percent of People with Each Score
Percentile by Number Answered
Your Score History
You have not taken this quiz